Регионална библиотека "Любен Каравелов" - Русе

Sag es treffender (Запис номер 49705)

MARC детайли
000 -Лидер
Контролно поле с фиксирана дължина 01148nam a2200313 c 4500
003 - Код на организацията, давaща контролен номер
Контролно поле BLK
005 - Дата и час на последна редакция
Контролно поле 20180420222016.0
008 - Елементи от данни с фиксирана дължина
fixed length control field 180408b bul|||||r ||||||| ||bul||
010 ## - Наследен системен номер
LC control number KNG00053561000
020 ## - Международен стандартен номер на книга ISBN
Международен стандартен номер на книга ISBN 3-499-16520-1
-- издат.: Rowohlt
040 ## - Източник на каталожния запис
Идентификатор на билиотеката - собственик на записа BLK
041 ## - Код за език
Код за езика на текст/звукозапис или на отделно заглавие Немски
Код за езика КДБФ Немски
080 ## - УДК
Текстов определител УДК Немски език (високонемски, стандартен писмен)
УДК код - определител по УДК 811.112.2
УДК определител -314.1(038.1)
УДК - код + определител 811.112.2-314.1(038.1)
100 1# - Редна дума - Автор
Автор Textor, A. M.
Авторска отговорност първи автор
R(LIN) 26090
139 ## - Редно поле
Редна дума Textor, A.M.
Авторски знак Tex - T 42
245 10 - Сведения за заглавието
Заглавие Sag es treffender
Подзаглавни данни Ein Handbuch mit 25 000 sinnverwandten, Wortern und Ausdrucken fur de taglichen Gebrauch in Buro, Schule und Haus
Редно поле (дума) A. M. Textor.
257 ## - Страна на издаване
Страна на създаване/издаване Германия
260 ## - Област на издателските данни
-- Hamburg
Име на издателя, разпространителя и проч. Rowohlt
Година на издаване 1996
300 ## - Физическа характеристика
Страници 512 c
Размери/Мащаб 19 cm
380 ## - Жанр
Жанр Езикознание. Филология
650 #4 - Допълнително описание по предмет – тема
Основно описание – тема или топоним Немски език - речници, синонимни
9 (RLIN) 282722
653 ## - Ключова дума – ненормативна
Ключова дума немски език
653 ## - Ключова дума – ненормативна
Ключова дума синонимни речници
852 ## - Местоположение
Форматна сигнатура Цб 193576
856 4# - Електронен адрес и достъп
Електронен формат pdf - файл
Път до файла /url/
856 4# - Електронен адрес и достъп
Електронен формат pdf - файл
Път до файла /url/
942 ## - АРТИКУЛИ
Вид на библиотечния материал Книги
Скрит в OPAC Не
944 ## - СЪЗДАВАНЕ И РЕДАКЦИЯ на ЗАПИСА
Създаване/Редакция Създаване
Дата на регистрацията/редакция 01.01.1999
Служител, извършил регистрацията/редакцията Теодора_Стоянова
944 ## - СЪЗДАВАНЕ И РЕДАКЦИЯ на ЗАПИСА
Създаване/Редакция Редакция
Дата на регистрацията/редакция 13.02.2017
Служител, извършил регистрацията/редакцията Лили_Борисова
999 ## - СИСТЕМНИ КОНТРОЛНИ НОМЕРА
Koha biblionumber 49705
Koha biblioitemnumber 49705
Наличности
Код за отписване Код за изгубен артикул Източник на класификационната схема Код за повреда Коз за рестрикции Код за отдаване Артикулен № Име на библиотеката - собственик Име на библиотеката, в която се намира в момента Статус (Текущо местоположение) Дата на вписване в системата Местоположение - отдел Цена в лева Инвентарен номер Систематично азбучна сигнатура Баркод Номер на екземпляра Цена в евро Служебна бележка Служебен тип на артикула
  Не е изгубен Universal Decimal Classification Не е повреден само за читалня ползва се в читалня 77749 Регионална библиотека "Любен Каравелов" Русе Регионална библиотека "Любен Каравелов" Русе Читалня 5 - справочен фонд 2002-01-01 Читалня 5 - справочен фонд 15.00 120000905383 C5 803.0-3(038)/T 42 A 120000905383 1 7.67 Дост: Da Дата: 01.01.1996 Книги
Vip Innovations Ltd, Rousse, Bulgaria 2025